some questions on Feminism and its Relevance in South Asia (Record no. 224207)

MARC details
000 -LEADER
fixed length control field 00554nam a22001937a 4500
005 - DATE AND TIME OF LATEST TRANSACTION
control field 20220726164820.0
008 - FIXED-LENGTH DATA ELEMENTS--GENERAL INFORMATION
fixed length control field 220726b ||||| |||| 00| 0 eng d
040 ## - CATALOGING SOURCE
Transcribing agency AL
041 ## - LANGUAGE CODE
Language code of text/sound track or separate title Eglish
082 ## - DEWEY DECIMAL CLASSIFICATION NUMBER
Edition number 23
Classification number 809
Item number BHAS
100 ## - MAIN ENTRY--PERSONAL NAME
Personal name Kamla Bhasin and others
100 ## - MAIN ENTRY--PERSONAL NAME
9 (RLIN) 53426
245 ## - TITLE STATEMENT
Title some questions on Feminism and its Relevance in South Asia
260 ## - PUBLICATION, DISTRIBUTION, ETC.
Place of publication, distribution, etc. New Delhi
Name of publisher, distributor, etc. Kali For Women
Date of publication, distribution, etc. 1986
300 ## - PHYSICAL DESCRIPTION
Extent 22 p.
Other physical details PB
Dimensions 21x14 cm.
650 ## - SUBJECT ADDED ENTRY--TOPICAL TERM
Topical term or geographic name entry element Feminism
9 (RLIN) 53427
700 ## - ADDED ENTRY--PERSONAL NAME
Personal name BHASIN (Kamla)
9 (RLIN) 53428
700 ## - ADDED ENTRY--PERSONAL NAME
Personal name KHAN (Nighat Said)
9 (RLIN) 53429
942 ## - ADDED ENTRY ELEMENTS (KOHA)
Source of classification or shelving scheme Dewey Decimal Classification
Koha item type George Fernandes Collections
Holdings
Withdrawn status Lost status Source of classification or shelving scheme Damaged status Not for loan Collection code Home library Current library Date acquired Total Checkouts Full call number Barcode Date last seen Price effective from Koha item type
    Dewey Decimal Classification     Others St Aloysius Library St Aloysius Library 03/23/2013   809 BHAS GF01201 07/26/2022 07/26/2022 George Fernandes Collections